000 00311nam a2200145Ia 4500
100 _aJawale/ V.H.
650 _aChemistry
942 _cBK
654 _aChemistry
245 _aChemistry of Engg. Materials
260 _bVrinda pub.
_aJalgaon
_c1981
082 _a620.112
300 _a74
546 _aENGLISH
999 _c20960
_d20960